<?xml version="1.0" encoding="UTF-8"?>
<record
    xmlns:xsi="http://www.w3.org/2001/XMLSchema-instance"
    xsi:schemaLocation="http://www.loc.gov/MARC21/slim http://www.loc.gov/standards/marcxml/schema/MARC21slim.xsd"
    xmlns="http://www.loc.gov/MARC21/slim">

  <leader>00917nam a22002177a 4500</leader>
  <datafield tag="999" ind1=" " ind2=" ">
    <subfield code="c">194437</subfield>
    <subfield code="d">194437</subfield>
  </datafield>
  <controlfield tag="005">20230508161727.0</controlfield>
  <datafield tag="010" ind1=" " ind2=" ">
    <subfield code="a">B-746975-976                     E.N.A./7.11.22</subfield>
  </datafield>
  <datafield tag="020" ind1=" " ind2=" ">
    <subfield code="a">9789388967396</subfield>
    <subfield code="c">1495.00</subfield>
  </datafield>
  <datafield tag="035" ind1=" " ind2=" ">
    <subfield code="a">B-746975-976  </subfield>
  </datafield>
  <datafield tag="037" ind1=" " ind2=" ">
    <subfield code="b">S.K. Book Agency</subfield>
  </datafield>
  <datafield tag="082" ind1=" " ind2=" ">
    <subfield code="a">370</subfield>
  </datafield>
  <datafield tag="245" ind1=" " ind2=" ">
    <subfield code="a">Developing Creativity and Innovation in Education/</subfield>
    <subfield code="c">Edited by Guptajit Pathak, Jayanta Kalita and Madhumita Handique</subfield>
  </datafield>
  <datafield tag="260" ind1=" " ind2=" ">
    <subfield code="a">New Delhi</subfield>
    <subfield code="b">S.K. Book Agency</subfield>
    <subfield code="c">2021</subfield>
  </datafield>
  <datafield tag="270" ind1=" " ind2=" ">
    <subfield code="a">5A/12, Shop No. 3, Ansari Road, Daryaganj</subfield>
    <subfield code="b">New Delhi</subfield>
    <subfield code="e">110002</subfield>
    <subfield code="k">7210090042</subfield>
  </datafield>
  <datafield tag="300" ind1=" " ind2=" ">
    <subfield code="a">xiii,202p.</subfield>
    <subfield code="c">24cm(hbk)</subfield>
  </datafield>
  <datafield tag="700" ind1=" " ind2=" ">
    <subfield code="a">Pathak, Guptajit </subfield>
  </datafield>
  <datafield tag="700" ind1=" " ind2=" ">
    <subfield code="a">Kalita, Jayanta</subfield>
  </datafield>
  <datafield tag="700" ind1=" " ind2=" ">
    <subfield code="a">Handique, Madhumita</subfield>
  </datafield>
  <datafield tag="942" ind1=" " ind2=" ">
    <subfield code="2">ddc</subfield>
    <subfield code="c">EN</subfield>
    <subfield code="m">DEV</subfield>
    <subfield code="h">370</subfield>
  </datafield>
  <datafield tag="952" ind1=" " ind2=" ">
    <subfield code="0">0</subfield>
    <subfield code="1">0</subfield>
    <subfield code="4">0</subfield>
    <subfield code="7">0</subfield>
    <subfield code="8">NFIC</subfield>
    <subfield code="a">L</subfield>
    <subfield code="b">L</subfield>
    <subfield code="d">2023-05-08</subfield>
    <subfield code="e">S.K. Book Agency/S.K./508/28.11.22/200/23.11.22/2.12.22</subfield>
    <subfield code="g">1495.00</subfield>
    <subfield code="l">0</subfield>
    <subfield code="o">370 DEV</subfield>
    <subfield code="p">B-746975</subfield>
    <subfield code="r">2023-05-08 00:00:00</subfield>
    <subfield code="t">1</subfield>
    <subfield code="v">1495.00</subfield>
    <subfield code="w">2023-05-08</subfield>
    <subfield code="y">EN</subfield>
  </datafield>
  <datafield tag="952" ind1=" " ind2=" ">
    <subfield code="0">0</subfield>
    <subfield code="1">0</subfield>
    <subfield code="4">0</subfield>
    <subfield code="7">0</subfield>
    <subfield code="8">NFIC</subfield>
    <subfield code="a">ZLS</subfield>
    <subfield code="b">ZLS</subfield>
    <subfield code="d">2023-05-08</subfield>
    <subfield code="e">S.K. Book Agency/S.K./508/28.11.22/200/23.11.22/2.12.22</subfield>
    <subfield code="g">1495.00</subfield>
    <subfield code="l">0</subfield>
    <subfield code="o">370 DEV</subfield>
    <subfield code="p">B-746976</subfield>
    <subfield code="r">2023-05-08 00:00:00</subfield>
    <subfield code="t">1</subfield>
    <subfield code="v">1495.00</subfield>
    <subfield code="y">EN</subfield>
  </datafield>
</record>
